Online
Catalog

Sobre la topografía y geología de Santo Domingo : (Record no. 47695)

MARC details
000 -CABECERA
campo de control de longitud fija 02425nam a2200385 i 4500
001 - NÚMERO DE CONTROL
campo de control 000048207
003 - IDENTIFICADOR DEL NÚMERO DE CONTROL
campo de control DO-SdBNP
005 - FECHA Y HORA DE LA ÚLTIMA TRANSACCIÓN
campo de control 20240507154744.0
007 - CAMPO FIJO DE DESCRIPCIÓN FÍSICA--INFORMACIÓN GENERAL
campo de control de longitud fija ta
008 - DATOS DE LONGITUD FIJA--INFORMACIÓN GENERAL
campo de control de longitud fija 081201t2015 dr abd 001 0 spa d
020 ## - NÚMERO INTERNACIONAL ESTÁNDAR DEL LIBRO
Número Internacional Estándar del Libro 9993423602
020 ## - NÚMERO INTERNACIONAL ESTÁNDAR DEL LIBRO
Número Internacional Estándar del Libro 9789945457506 (v.1)
040 ## - FUENTE DE LA CATALOGACIÓN
Centro catalogador/agencia de origen DO-SdBNP
Lengua de catalogación spa
Centro/agencia transcriptor BNPHU
Normas de descripción rda
082 #4 - NÚMERO DE LA CLASIFICACIÓN DECIMAL DEWEY
Número de clasificación 557.293
Número de documento/Ítem G112s, 2015
Número de edición 22
100 1# - ENTRADA PRINCIPAL--NOMBRE DE PERSONA
Nombre de persona Gabb, Williams M.,
Fechas asociadas al nombre 1839-1878
9 (RLIN) 1740
Término indicativo de función/relación autor
240 10 - TÍTULO UNIFORME
Título uniforme On the topography and geology of Santo Domingo.
Lenguaje de la obra Español
245 10 - MENCIÓN DE TÍTULO
Título Sobre la topografía y geología de Santo Domingo :
Resto del título extracto de las memorias de la Sociedad Filosófica Americana /
Mención de responsabilidad, etc. Williams M. Gabb ; presentación y revisión técnica, Romeo A. Llinás ; traducción, Ramón Cedano Melo.
250 ## - MENCIÓN DE EDICIÓN
Mención de edición tercera edición
264 ## - PRODUCCIÓN, PUBLICACIÓN, DISTRIBUCIÓN, FABRICACIÓN Y COPYRIGHT
Producción, publicación, distribución, fabricación y copyright Santo Domingo :
Nombre del de productor, editor, distribuidor, fabricante Sociedad Dominicana de Bibliófilos,
Fecha de producción, publicación, distribución, fabricación o copyright 2015.
300 ## - DESCRIPCIÓN FÍSICA
Extensión volumen :
Otras características físicas ilustraciones, mapa, diágramas ;
Dimensiones 23 cm.
336 ## - TIPO DE CONTENIDO
Fuente rdacontent
Término de tipo de contenido texto
Código de tipo de contenido txt
337 ## - TIPO DE MEDIO
Fuente rdamedia
Nombre/término del tipo de medio sin mediación
Código del tipo de medio n
338 ## - TIPO DE SOPORTE
Fuente rdacarrier
Nombre/término del tipo de soporte volumen
Código del tipo de soporte nc
490 ## - MENCIÓN DE SERIE
Mención de serie Clásicos bibliófilos
Designación de volumen o secuencia 10
500 ## - NOTA GENERAL
Nota general Extracto de las memorias de la Sociedad Filosófica Americana
500 ## - NOTA GENERAL
Nota general Incluye referencias bibliográficas y notas al pie de páginas e índice
505 0# - NOTA DE CONTENIDO CON FORMATO
Nota de contenido con formato Artículo. IV. Sobre la topografía y geología de Santo Domingo (leído ante la Sociedad Filosófica Americana, 18 de octubre de 1872) :
Información miscelánea Parte I--
Título Descripción topográfica :
-- Topografía de la Cordillera Central --
-- Topografía de la región al norte de la Cordillera Central --
-- Topografía de la región al sur de la Cordillera Central --
Información miscelánea Parte II--
Título Formaciones geológicas:
-- El grupo sierra --
-- Rocas intrusivas --
-- El mioceno --
-- Post-plioceno o formación costera --
Información miscelánea Parte III--
Título Geología local :
-- Geología de la Cordillera Central --
-- Geología de los valles y estribaciones norte de la Cordillera Central --
-- Geología de la Sierra de Monte Cristi --
-- Geología de Samaná --
-- Geología de la región al sur de la Cordillera Central --
Información miscelánea Parte IV--
Título Paleontología--
-- Catálogo descriptivo de los molúscos fósiles --
-- Referencias.
590 ## - NOTA LOCAL (RLIN)
Nota local Inventariado, 2019/VM
650 #4 - PUNTO DE ACCESO ADICIONAL DE MATERIA--TÉRMINO DE MATERIA
Término de materia o nombre geográfico como elemento de entrada Paleontología
Subdivisión geográfica República Dominicana
9 (RLIN) 44632
650 #4 - PUNTO DE ACCESO ADICIONAL DE MATERIA--TÉRMINO DE MATERIA
Término de materia o nombre geográfico como elemento de entrada Geología
Subdivisión geográfica República Dominicana
9 (RLIN) 1742
700 1# - PUNTO DE ACCESO ADICIONAL--NOMBRE DE PERSONA
Nombre de persona Llinás, Romeo A.,
Término indicativo de función/relación prólogo
9 (RLIN) 1745
700 1# - PUNTO DE ACCESO ADICIONAL--NOMBRE DE PERSONA
Nombre de persona Cedano Melo, Ramón,
Término indicativo de función/relación traductor
9 (RLIN) 1744
910 ## - DATOS DE OPCIÓN DEL USUARIO (OCLC)
Datos de opción del usuario Validado. Control de calidad MFF
942 ## - ELEMENTOS DE PUNTO DE ACCESO ADICIONAL (KOHA)
Fuente del sistema de clasificación o colocación Dewey Decimal Classification
Tipo de ítem Koha Libro
Holdings
Estado de retiro Estado de pérdida Fuente del sistema de clasificación o colocación Restricciones de uso No para préstamo Código de colección Localización permanente Ubicación/localización actual Ubicación en estantería Fecha de adquisición Total de préstamos Signatura topográfica completa Código de barras Fecha visto por última vez Precio válido a partir de Tipo de ítem Koha Número de copia Fuente de adquisición Nota pública
    Dewey Decimal Classification Excluido de préstamo   Patrimonio Dominicano Biblioteca Nacional Pedro Henríquez Ureña Biblioteca Nacional Pedro Henríquez Ureña Depósito 05.12.2018   BNPHU PD 557.293 G112s, 2015 48207-10 25.06.2020 25.06.2020 Libro      
    Dewey Decimal Classification Excluido de préstamo   Patrimonio Dominicano Biblioteca Nacional Pedro Henríquez Ureña Biblioteca Nacional Pedro Henríquez Ureña Depósito 05.12.2018   BNPHU PD 557.293 G112s, 2015 48207-20 25.06.2020 25.06.2020 Libro e. 2    
    Dewey Decimal Classification Préstamo en sala   Dominicana de Servicio Biblioteca Nacional Pedro Henríquez Ureña Biblioteca Nacional Pedro Henríquez Ureña Depósito 05.12.2018   BNPHU DS 557.293 G112s, 2015 48207-30 25.06.2020 25.06.2020 Libro e. 3    
    Dewey Decimal Classification Préstamo en sala   Dominicana de Servicio Biblioteca Nacional Pedro Henríquez Ureña Biblioteca Nacional Pedro Henríquez Ureña Depósito 07.05.2024   BNPHU DS 557.293 G112s, 2015 2024-2826 07.05.2024 07.05.2024 Libro e.4 Donación Perteneció a la biblioteca personal de Emilio Cordero Michel.

Powered by Koha